| 000 | 01126nam a2200325 i 4500 | ||
|---|---|---|---|
| 001 | 000007810 | ||
| 003 | DO-SdBNP | ||
| 005 | 20260519133014.0 | ||
| 007 | ta | ||
| 008 | 090911s2009 dr abg 001 m spa d | ||
| 020 | _a9789945020724 | ||
| 040 |
_aDO-SdBNP _bspa _cBNPHU _erda |
||
| 041 | _aspa | ||
| 082 | 4 |
_aRD860.44 _bP451p _222 |
|
| 245 | 0 | 0 |
_aPerlas de la pluma de los Garrido / _ceditor, Edgar Valenzuela ; cuidado de edición, Liliam Hiraldo. |
| 264 | 4 |
_aSanto Domingo : _bArchivo General de la Nación, _c©2009. |
|
| 300 |
_a452 páginas : _bilustraciones, mapas, música ; _c23 cm. |
||
| 336 |
_atexto _btxt _2rdacontent |
||
| 337 |
_asin mediación _bn _2rdamedia |
||
| 338 |
_avolumen _bnc _2rdacarrier |
||
| 490 | 0 |
_aColección Archivo General de la Nación _v83 |
|
| 500 | _aIncluye datos biográficos del autor en las solapas | ||
| 500 | _aIncluye índice onomástico | ||
| 504 | _aBibliografía : páginas 177-178 | ||
| 590 | _aInventariado, 2024/BT | ||
| 700 | 1 |
_aValenzuela, Edgar, _eeditor _4ed. _96575 |
|
| 700 | 1 |
_aHiraldo, Liliam, _eeditor _4ed. _921519 |
|
| 910 | _aBtavárez | ||
| 942 |
_2ddc _cLBS1 |
||
| 999 |
_c7588 _d7588 |
||